Fórmula 1 - Statistics

Estatísticas Gerais
  • Esse quiz foi jogado 491 vezes
  • A pontuação média é 7 de 15
Estatísticas das Respostas
Hint Resposta % Correto
A McLaren é uma equipa de que país? Inglaterra
88%
Em que ano Sebastian Vettel e Lewis Hamilton estrearam na f1? 2007
86%
O Senna morreu em que percurso? Imola
74%
Em que ano estreou Kimi Raikkonen? 2001
73%
Quem é o piloto mais jovem a vencer um GP de F1? Max Verstappen
70%
Qual é o único circuito que começa sentido anti horário? Interlagos
56%
A red Bull começou a patrocinar uma equipe de f1 em que ano? 1997
52%
Quem foi o primeiro campeão mundial da história da Fórmula 1? Nino Farina
46%
Qual foi a primeira equipe que Ayrton Senna correu na f1? Toleman
42%
Qual equipe foi comprada pela Red Bull? Jaguar
38%
Quem é o maior vencedor do Circuito de Istanbul? Felipe Massa
32%
Quem foi o primeiro campeão mundial da história da Fórmula 1? Michael Schumacher
21%
Em que ano e circuito Felipe massa se despediu na f1? 2017bra
8%
Qual foi a primeira vitoria de Shumacher na f1? Bélgica1992
6%
Quantos Gps tem Rubens Barrichello? 326Gps
3%
Nenhum quiz correspondente encontrado
Distribuição das Pontuações
Porcentagem de Pessoas com Cada Pontuação
Percentil de Números Respondidos
Sua Pontuação Histórica
Você não jogou esse quiz